00629cam a2200193 a 450000100100000000500170001000800410002704000250006808200190009310000210011224501010013326000420023430000270027650400210030365000230032465000250034770000350037270000280040700000236920200929150205.0750626s1951 xxua 001 0 eng  aDO-SdBNPbspacBNPHU a641.563bV371g1 aVaughn, Margaret10aGood food without salt /cintroducción por Mary Catherine Tyson; prólogo por Solomon Silver. aNew York :bThomas Y. Crowell,c1951. a188 p. :bil ;c21 cm. aIncluye índice 4aDieta libre de sal 4aCocina para enfermos1 aTyson, Mary Catherineeintrod.1 aSilver, Solomonepró.